[Event "DVM U12 2013"]
[Site "Lichtenfels-Schney GER"]
[Date "2013.12.28"]
[Round "3"]
[White "Hofmann, Rares"]
[Black "Biastoch, Bennet"]
[Result "1-0"]
[Termination "normal"]
[Board "1.1"]
[WhiteElo "1789"]
[BlackElo "1713"]
[WhiteTeam "TuS Coswig 1920"]
[BlackTeam "SG Aufbau Elbe Magdeburg"]
[WhiteFideId "12976440"]
[BlackFideId "12939889"]
[EventCountry "GER"]
[EventRounds "7"]
[EventType "team-swiss"]
[EventDate "2013.12.26"]

1. e4 c5 2. Nf3 d6 3. d4 cxd4 4. Nxd4 Nf6 5. Nc3 a6 6. Bc4 e6 7. O-O b5 8. Bb3
Nbd7 9. Re1 Nc5 10. Bg5 Be7 11. Nc6 Qc7 12. Nxe7 Qxe7 13. Nd5 Qd8 14. e5 1-0

[Event "DVM U12 2013"]
[Site "Lichtenfels-Schney GER"]
[Date "2013.12.28"]
[Round "3"]
[White "Roseneck, Jonas"]
[Black "Kunath, Tim"]
[Result "1-0"]
[Termination "normal"]
[Board "1.2"]
[WhiteElo "1744"]
[BlackElo "1552"]
[WhiteTeam "SG Aufbau Elbe Magdeburg"]
[BlackTeam "TuS Coswig 1920"]
[WhiteFideId "12939870"]
[BlackFideId "12985074"]
[EventCountry "GER"]
[EventRounds "7"]
[EventType "team-swiss"]
[EventDate "2013.12.26"]

1. e4 d5 2. exd5 Qxd5 3. Nc3 Qa5 4. d4 c6 5. Nf3 Nf6 6. Bc4 Bf5 7. Ne5 e6 8. g4
Be4 9. O-O b5 10. Be2 Bd5 11. Bd3 Bd6 12. f4 a6 13. g5 Nfd7 14. Nxd5 cxd5 15.
Qg4 Qb6 16. Nf3 Nc6 17. c3 g6 18. Kh1 Ne7 19. Ne5 Nxe5 20. fxe5 Bc7 21. Bd2 Nf5
22. Qf3 Kd7 23. b3 Raf8 24. Rac1 Qa5 25. Rc2 Qb6 26. Bxf5 gxf5 27. Be3 Qc6 28.
Rfc1 Bb6 29. c4 dxc4 30. Qxc6+ Kxc6 31. bxc4 Kb7 32. cxb5 axb5 33. Rb2 Rc8 34.
Rcb1 Rhd8 35. Rxb5 Rc6 36. d5 Rxd5 37. Rxb6+ Rxb6 38. Rxb6+ Kc7 39. Ra6 Rd1+
40. Kg2 Re1 41. Bf2 Re4 42. Ra7+ Kc6 43. Rxf7 Rg4+ 44. Kf3 Rxg5 45. Rxh7 Rg4
46. Rh4 Rg6 47. Rd4 Rh6 48. h4 Kb5 49. Be3 Rh5 50. Bg5 Rh8 51. Rd6 Re8 52. Rd8
Rxd8 53. Bxd8 1-0

[Event "DVM U12 2013"]
[Site "Lichtenfels-Schney GER"]
[Date "2013.12.28"]
[Round "3"]
[White "Lehne, Arwin Hugo"]
[Black "Niemann, Alexander"]
[Result "0-1"]
[Termination "normal"]
[Board "1.3"]
[WhiteElo "1336"]
[BlackElo "1637"]
[WhiteTeam "TuS Coswig 1920"]
[BlackTeam "SG Aufbau Elbe Magdeburg"]
[WhiteFideId "12985090"]
[BlackFideId "12939862"]
[EventCountry "GER"]
[EventRounds "7"]
[EventType "team-swiss"]
[EventDate "2013.12.26"]

1. c4 e5 2. Nc3 Nc6 3. g3 g6 4. Bg2 Bg7 5. d3 Nf6 6. Nf3 d6 7. O-O Be6 8. Be3
O-O 9. Qd2 Ng4 10. a3 Nxe3 11. Qxe3 Nd4 12. Rac1 Nxf3+ 13. Qxf3 c6 14. Rfd1 Qd7
15. Qe3 f5 16. b3 f4 17. Qd2 Bh3 18. Rf1 Bxg2 19. Kxg2 Rf5 20. Ne4 Rh5 21. h4
g5 22. Nxg5 Qg4 23. Nf3 Bh6 24. Qb4 fxg3 25. Rb1 Bf4 26. Rg1 c5 27. Qxb7 Rf8
28. Kf1 Qh3+ 29. Ke1 Kh8 30. Kd1 Rhf5 31. fxg3 Be3 32. Ng5 Rxg5 33. Rh1 Rf1+
34. Kc2 Qxh1 35. Qxh1 Rxh1 36. Rxh1 Rxg3 37. Rf1 Rg2 38. Kd1 Rg1 39. Rxg1 Bxg1
40. b4 cxb4 41. axb4 h5 42. Ke1 Bb6 43. b5 Kg7 44. Kf1 Kf6 45. Kg2 Kf5 46. Kf3
Bd8 47. Kg3 Be7 48. e3 Bf6 49. e4+ Ke6 50. Kf3 Bxh4 51. Ke2 Bg5 52. Kd1 Be3 0-1

[Event "DVM U12 2013"]
[Site "Lichtenfels-Schney GER"]
[Date "2013.12.28"]
[Round "3"]
[White "Cejda, Cecilia"]
[Black "von Koslowski, Wilhelm"]
[Result "1-0"]
[Termination "normal"]
[Board "1.4"]
[WhiteElo "1552"]
[BlackElo "1280"]
[WhiteTeam "SG Aufbau Elbe Magdeburg"]
[BlackTeam "TuS Coswig 1920"]
[WhiteFideId "12921122"]
[BlackFideId "12985147"]
[EventCountry "GER"]
[EventRounds "7"]
[EventType "team-swiss"]
[EventDate "2013.12.26"]

1. e4 d5 2. exd5 Qxd5 3. Nc3 Qa5 4. d4 c6 5. Bc4 Nf6 6. Nf3 Bf5 7. Ne5 e6 8. g4
Bg6 9. h4 Qc7 10. f3 h5 11. Nxg6 fxg6 12. Bxe6 Qg3+ 13. Kd2 hxg4 14. fxg4 Qg2+
15. Qe2 Qxe2+ 16. Kxe2 Bb4 17. Bf4 Ke7 18. Bb3 Nbd7 19. Kf3 Rae8 20. Bc7 Nb6
21. Rae1+ Kd7 22. Rxe8 Rxe8 23. Bxb6 axb6 24. d5 cxd5 25. Ba4+ Kd8 26. Bxe8
Kxe8 27. g5 Bxc3 28. bxc3 Ne4 29. c4 Nc3 30. cxd5 Nxd5 31. Re1+ Kf7 32. Rd1 Ke6
33. Rb1 Kf5 34. Rb5 Ke6 35. c4 Nc3 36. Rxb6+ Kf7 37. Rxb7+ Kg8 38. Ra7 Kf8 39.
a4 Ke8 40. a5 Kd8 41. Rxg7 Na4 42. Rxg6 Kc7 43. a6 Nb2 44. Ke4 Nxc4 45. a7 1-0

[Event "DVM U12 2013"]
[Site "Lichtenfels-Schney GER"]
[Date "2013.12.28"]
[Round "3"]
[White "Engel, Luis"]
[Black "Daoud, Marcel"]
[Result "1/2-1/2"]
[Termination "normal"]
[Board "2.1"]
[WhiteElo "1852"]
[BlackElo "1638"]
[WhiteTeam "Hamburger SK"]
[BlackTeam "SK Freising"]
[WhiteFideId "12961523"]
[BlackFideId "12994774"]
[EventCountry "GER"]
[EventRounds "7"]
[EventType "team-swiss"]
[EventDate "2013.12.26"]

1. e4 e6 2. d4 d5 3. Nd2 dxe4 4. Nxe4 Bd7 5. Nf3 Bc6 6. Bd3 Nd7 7. O-O Ngf6 8.
Ng3 Be7 9. b3 O-O 10. Bb2 Bxf3 11. Qxf3 c6 12. c4 Qc7 13. Rad1 Rad8 14. Rfe1
Qa5 15. Re2 Qc7 16. a3 Nb6 17. b4 a5 18. bxa5 Na4 19. Ba1 Qxa5 20. Re5 Qc7 21.
c5 Qa5 22. Nh5 Rd5 23. Rde1 Rxe5 24. Rxe5 Nxh5 25. Qxh5 g6 26. Qd1 Bf6 27. Re4
Ra8 28. Qc1 b6 29. cxb6 Qxb6 30. g3 Rb8 31. d5 Bxa1 32. Qxa1 Nc5 33. Rb4 Qc7
34. Rxb8+ Qxb8 35. Qc3 Nxd3 36. dxc6 Qc7 37. Qxd3 Qxc6 38. h3 Qa4 39. Kf1 Kg7
40. Ke2 e5 41. f3 h6 42. Qc3 Qb5+ 43. Kf2 Qb6+ 44. Kg2 f6 45. a4 Qa6 46. a5 h5
47. Qd2 Qb5 48. h4 Qa6 49. Qa2 Kh6 50. Qd2+ Kg7 51. Kf2 Qa7+ 52. Kf1 Qa6+ 53.
Ke1 Qa7 54. Kd1 Qg1+ 55. Kc2 Qc5+ 56. Qc3 Qb5 57. Qc7+ Kh6 58. Qb6 Qc4+ 59. Kb2
Qe2+ 60. Kc3 Qxf3+ 61. Kb4 Qe4+ 62. Kc5 Qd4+ 63. Kc6 Qc4+ 64. Kb7 Qd5+ 65. Kb8
Qg8+ 66. Kc7 Qf7+ 67. Kd6 Qf8+ 68. Ke6 Qe8+ 69. Kxf6 Qf8+ 70. Kxe5 Qe7+ 71. Qe6
Qc7+ 72. Qd6 Qxa5+ 73. Kf4 Qf5+ 74. Ke3 Qc8 75. Qf6 Qc1+ 76. Kf2 Qd2+ 77. Kg1
Qe1+ 78. Kg2 Qe2+ 79. Kg1 1/2-1/2

[Event "DVM U12 2013"]
[Site "Lichtenfels-Schney GER"]
[Date "2013.12.28"]
[Round "3"]
[White "Wachtel, Arthur"]
[Black "Meyling, Lennart"]
[Result "1-0"]
[Termination "normal"]
[Board "2.2"]
[WhiteElo "1434"]
[BlackElo "1716"]
[WhiteTeam "SK Freising"]
[BlackTeam "Hamburger SK"]
[WhiteFideId "12988510"]
[BlackFideId "12947130"]
[EventCountry "GER"]
[EventRounds "7"]
[EventType "team-swiss"]
[EventDate "2013.12.26"]

1. e4 c5 2. Nf3 d6 3. Bb5+ Bd7 4. Bxd7+ Qxd7 5. Nc3 Nc6 6. O-O Nf6 7. d3 g6 8.
Be3 Bg7 9. Bd2 O-O 10. Bh6 e6 11. Bxg7 Kxg7 12. Re1 Qc7 13. d4 cxd4 14. Nxd4 a6
15. Nxc6 bxc6 16. e5 dxe5 17. Qe2 Nd7 18. Rad1 f6 19. Ne4 Nb6 20. Nc5 Qe7 21.
Ne4 Rfd8 22. Qe3 Nd5 23. Qf3 f5 24. Nc3 e4 25. Nxd5 exd5 26. Qc3+ Qf6 27. Qa3
Rdb8 28. b3 Rc8 29. Qa4 Kg8 30. c4 dxc4 31. Qxc4+ Kh8 32. Rd7 a5 33. Red1 Rd8
34. h3 Rxd7 35. Rxd7 Qa1+ 36. Kh2 Qe5+ 37. Kg1 Qa1+ 38. Kh2 Qf6 39. Qc5 a4 40.
Rd6 Qe7 41. Qxc6 Qe5+ 42. Kg1 Rb8 43. Qc7 Re8 44. Qc6 e3 45. fxe3 Qxe3+ 46. Kh1
Qe1+ 47. Kh2 f4 48. Rd1 Qg3+ 49. Kg1 Qe3+ 50. Kh2 axb3 51. axb3 Qe5 52. Qf3 Qc7
53. Rf1 g5 54. Kh1 Qe5 55. b4 Rb8 56. Qa3 Qd4 57. b5 Qf6 58. Qc5 Kg7 59. Qc7+
Qf7 60. Qxb8 Qc4 61. Qe5+ Kg6 62. Re1 Qb4 63. Qe6+ Kh5 64. Qg4+ Kg6 65. Re6+
Kf7 66. Qf5+ Kg8 67. Qxg5+ Kf8 68. Qf6+ Kg8 69. Re8+ Qf8 70. Rxf8# 1-0

[Event "DVM U12 2013"]
[Site "Lichtenfels-Schney GER"]
[Date "2013.12.28"]
[Round "3"]
[White "Holinka, Henning"]
[Black "Oelmaier, Manuel"]
[Result "1/2-1/2"]
[Termination "normal"]
[Board "2.3"]
[WhiteElo "1583"]
[BlackElo "1114"]
[WhiteTeam "Hamburger SK"]
[BlackTeam "SK Freising"]
[WhiteFideId "12967084"]
[EventCountry "GER"]
[EventRounds "7"]
[EventType "team-swiss"]
[EventDate "2013.12.26"]

1. e4 e6 2. d4 d5 3. e5 c5 4. c3 Nc6 5. Nf3 c4 6. Be2 Nh6 7. Bxh6 gxh6 8. Nbd2
Bd7 9. O-O Qe7 10. a4 Bg7 11. Qc2 O-O 12. Rfb1 Rac8 13. Nf1 Na5 14. N3d2 f6 15.
exf6 Qxf6 16. Bf3 Be8 17. Re1 Bg6 18. Qd1 Nc6 19. b3 e5 20. dxe5 Nxe5 21. Bxd5+
Kh8 22. f3 Nd3 1/2-1/2

[Event "DVM U12 2013"]
[Site "Lichtenfels-Schney GER"]
[Date "2013.12.28"]
[Round "3"]
[White "Seidenberger, Florian"]
[Black "Fuhrmann, Äke"]
[Result "0-1"]
[Termination "normal"]
[Board "2.4"]
[WhiteElo "810"]
[BlackElo "1423"]
[WhiteTeam "SK Freising"]
[BlackTeam "Hamburger SK"]
[BlackFideId "12983853"]
[EventCountry "GER"]
[EventRounds "7"]
[EventType "team-swiss"]
[EventDate "2013.12.26"]

1. d4 d6 2. c4 Nf6 3. Nf3 g6 4. Nc3 Bg7 5. g3 O-O 6. Bg2 c5 7. d5 Nbd7 8. O-O
Nb6 9. b3 Ne4 10. Nxe4 Bxa1 11. Bh6 Bg7 12. Bxg7 Kxg7 13. Nfg5 Bf5 14. Qc2 Nd7
15. Qb2+ Nf6 16. Nxf6 exf6 17. Rc1 Kg8 18. Ne4 Bxe4 19. Bxe4 Re8 20. Bf3 Rb8
21. e4 Qe7 22. Bg2 Qe5 23. Qe2 f5 24. f3 fxe4 25. fxe4 f5 26. Re1 Re7 27. a4
Rbe8 28. Bf3 fxe4 29. Qxe4 Qxe4 30. Rxe4 Rxe4 0-1

[Event "DVM U12 2013"]
[Site "Lichtenfels-Schney GER"]
[Date "2013.12.28"]
[Round "3"]
[White "Schnabel, Bennett"]
[Black "Nguyen, Anh Van"]
[Result "1/2-1/2"]
[Termination "normal"]
[Board "3.1"]
[WhiteElo "1709"]
[BlackElo "1610"]
[WhiteTeam "Treptower SV 1949"]
[BlackTeam "USV Potsdam"]
[WhiteFideId "12943290"]
[BlackFideId "12908223"]
[EventCountry "GER"]
[EventRounds "7"]
[EventType "team-swiss"]
[EventDate "2013.12.26"]

1. d4 c5 2. c3 e6 3. Nf3 d5 4. e3 Nc6 5. Bd3 Nf6 6. O-O Be7 7. Nbd2 O-O 8. dxc5
Bxc5 9. e4 Qc7 10. exd5 Nxd5 11. Ne4 Bb6 12. Ng3 Rd8 13. Qc2 h6 14. Rd1 Ne5 15.
Nxe5 Qxe5 16. Qa4 Nxc3 17. bxc3 Rxd3 18. Bf4 Rxd1+ 19. Rxd1 Qxc3 20. Qe8+ Kh7
21. Qxf7 Qf6 22. Qxf6 gxf6 23. Ne4 Kg6 24. Nd6 e5 25. Bd2 Be6 26. Nxb7 Bxa2 27.
Bc3 Rc8 28. Ba5 Bd4 29. Nd6 Rc2 30. Be1 Bd5 31. Nb5 a6 32. Nxd4 exd4 33. f3 Rc4
34. h3 Bc6 35. Bf2 Ba4 36. Rxd4 Rxd4 37. Bxd4 Bb3 1/2-1/2

[Event "DVM U12 2013"]
[Site "Lichtenfels-Schney GER"]
[Date "2013.12.28"]
[Round "3"]
[White "Shevelko, Alexander"]
[Black "Petersen, Marcel"]
[Result "1/2-1/2"]
[Termination "normal"]
[Board "3.2"]
[WhiteElo "1556"]
[BlackElo "1581"]
[WhiteTeam "USV Potsdam"]
[BlackTeam "Treptower SV 1949"]
[WhiteFideId "12952125"]
[BlackFideId "12935670"]
[EventCountry "GER"]
[EventRounds "7"]
[EventType "team-swiss"]
[EventDate "2013.12.26"]

1. d4 d5 2. Nf3 Nf6 3. g3 Bg4 4. Bg2 e6 5. O-O Bd6 6. b3 Nbd7 7. Bb2 Ne4 8. c4
c6 9. Nc3 Nxc3 10. Bxc3 O-O 11. h3 Bxf3 12. Bxf3 f5 13. Qc2 Nf6 14. e3 Ne4 15.
Rac1 Rc8 16. Qb2 Qe7 17. Qe2 Qg5 18. h4 Qg6 19. Bg2 Rf6 20. Be1 Qe8 21. Bc3 Rf7
22. Bf3 Rfc7 23. c5 Be7 24. Ba5 Rd7 25. Bg2 Bd8 26. Bxd8 Qxd8 27. b4 b5 28. Qb2
a5 29. a3 axb4 30. axb4 Ra8 31. Ra1 Rda7 32. Kh2 Qc7 33. f4 Ra4 34. Rxa4 Rxa4
35. Bxe4 dxe4 36. Ra1 Qa7 37. Rxa4 Qxa4 38. Qd2 Qb3 39. Kg2 h5 40. Kf2 g6 41.
Kg1 Kf7 42. Kf2 Ke7 43. Kg2 Qb1 44. Kf2 Qh1 45. Qe1 1/2-1/2

[Event "DVM U12 2013"]
[Site "Lichtenfels-Schney GER"]
[Date "2013.12.28"]
[Round "3"]
[White "Hüls, Maximilian"]
[Black "Röhr, Tobias"]
[Result "1/2-1/2"]
[Termination "normal"]
[Board "3.3"]
[WhiteElo "1609"]
[BlackElo "1552"]
[WhiteTeam "Treptower SV 1949"]
[BlackTeam "USV Potsdam"]
[WhiteFideId "12949698"]
[BlackFideId "12963089"]
[EventCountry "GER"]
[EventRounds "7"]
[EventType "team-swiss"]
[EventDate "2013.12.26"]

1. e4 e5 2. Nf3 Nc6 3. Bb5 Nd4 4. Nxd4 exd4 5. O-O c6 6. Ba4 Bc5 7. f4 Nf6 8.
d3 O-O 9. f5 d5 10. Bg5 dxe4 11. dxe4 Qd6 12. Bf4 Qd7 13. Re1 Re8 14. Nd2 a5
15. Bb3 b5 16. a3 a4 17. Ba2 Ba6 18. Kh1 Bb6 19. Qf3 Rad8 20. Bg5 Qd6 21. Bf4
Qc5 22. e5 Nd5 23. Bg5 Rd7 24. Ne4 Qf8 25. Nd6 Rb8 26. Bxd5 cxd5 27. Qxd5 Bc7
28. Qc6 Bc8 29. Nxc8 Qxc8 30. e6 fxe6 31. Qxe6+ Rf7 32. Qxc8+ Rxc8 33. g4 Bb8
34. Re2 Rd7 35. Rae1 Kf8 36. Be7+ Kf7 37. Bb4 h6 38. c3 d3 39. Re7+ Rxe7 40.
Rxe7+ Kg8 41. Rd7 Re8 42. Rxd3 Re1+ 43. Kg2 Re2+ 44. Kf3 Re8 45. Ba5 Bxh2 46.
Rd8 Rxd8 47. Bxd8 Kf7 48. Ke4 g6 49. fxg6+ Kxg6 50. Kd5 Bf4 51. Kc5 Bc1 52.
Kxb5 Bxb2 53. Kb4 h5 54. gxh5+ Kxh5 55. c4 Kg6 56. c5 Kf7 57. c6 Ke8 58. c7 Kd7
59. Kxa4 Be5 60. Ka5 Bxc7+ 61. Bxc7 Kxc7 62. Kb5 Kb7 63. a4 Ka8 64. a5 Kb8 65.
a6 Ka8 66. Kb6 Kb8 67. a7+ Ka8 68. Kb5 Kxa7 1/2-1/2

[Event "DVM U12 2013"]
[Site "Lichtenfels-Schney GER"]
[Date "2013.12.28"]
[Round "3"]
[White "Hausdorf, Lars"]
[Black "Stockter, Jasper Enno"]
[Result "0-1"]
[Termination "normal"]
[Board "3.4"]
[WhiteElo "1344"]
[BlackElo "1337"]
[WhiteTeam "USV Potsdam"]
[BlackTeam "Treptower SV 1949"]
[WhiteFideId "16200390"]
[BlackFideId "12957291"]
[EventCountry "GER"]
[EventRounds "7"]
[EventType "team-swiss"]
[EventDate "2013.12.26"]

1. d4 Nf6 2. c4 e6 3. Nf3 b6 4. g3 Bb7 5. Bg2 Be7 6. O-O O-O 7. Nc3 d5 8. b3 c5
9. e3 dxc4 10. bxc4 Ne4 11. Bb2 Nxc3 12. Bxc3 Nd7 13. Re1 Nf6 14. Bb2 Rc8 15.
Rc1 Qc7 16. Re2 Rfe8 17. Qb3 Qd6 18. Rd2 cxd4 19. exd4 Qb4 20. Qxb4 Bxb4 21.
Re2 Rc7 22. Ne5 Bxg2 23. Kxg2 Nd7 24. Nxd7 Rxd7 25. Rec2 Rc7 26. a3 Bf8 27. f4
Rd7 28. Rd2 Rc8 29. Rdc2 g5 30. Kf3 h6 31. Ke4 gxf4 32. gxf4 Bg7 33. Kd3 f5 34.
Rg2 Kh7 35. h4 h5 36. Rcg1 Bh6 37. d5 exd5 38. cxd5 Bxf4 39. Rg7+ Rxg7 40.
Rxg7+ Kh6 41. Rxa7 Rd8 42. Bg7+ Kg6 43. Kd4 Bc1 44. Ke5 Bb2+ 45. Ke6 Bxg7 46.
d6 f4 47. d7 f3 48. Rc7 f2 49. Rc1 Bf6 50. Rf1 Bxh4 51. Kd6 b5 52. Kc7 Kf5 53.
Rb1 Kg4 54. Rh1 Kg3 55. Rxh4 Rxd7+ 56. Kxd7 Kxh4 57. a4 bxa4 58. Ke6 f1=Q 59.
Ke5 Qd3 60. Kf6 Qe4 61. Kf7 Qc6 62. Kg8 Qd7 63. Kf8 Kg5 64. Kg8 Kg6 65. Kh8
Qh7# 0-1

[Event "DVM U12 2013"]
[Site "Lichtenfels-Schney GER"]
[Date "2013.12.28"]
[Round "3"]
[White "Dalchow, Jonas"]
[Black "Irkilmez, Yakub"]
[Result "0-1"]
[Termination "normal"]
[Board "4.1"]
[WhiteElo "1443"]
[BlackElo "1542"]
[WhiteTeam "SC 1997 Lambsheim"]
[BlackTeam "SK Blauer Springer Paderborn"]
[WhiteFideId "12971251"]
[BlackFideId "16204581"]
[EventCountry "GER"]
[EventRounds "7"]
[EventType "team-swiss"]
[EventDate "2013.12.26"]

1. e4 e6 2. d4 d5 3. exd5 exd5 4. Nf3 Bd6 5. Nc3 Ne7 6. Bd3 Nbc6 7. Qe2 O-O 8.
O-O Bg4 9. Be3 h6 10. h3 Be6 11. a3 a6 12. Rfe1 Re8 13. Rad1 Qd7 14. Qd2 Bf5
15. Bxf5 Qxf5 16. Qd3 Qxd3 17. Rxd3 Nd8 18. Rd2 Ne6 19. Rde2 c6 20. Bd2 Kf8 21.
Rf1 Nf5 22. Be3 b5 23. Na2 a5 24. c3 Be7 25. Rd1 Bf6 26. b4 a4 27. Nc1 Nd6 28.
Nd2 Re7 29. Nd3 Rae8 30. Rde1 Kg8 31. Nf4 g5 32. Nxe6 Rxe6 33. f3 Nf5 34. Bf2
Ng7 35. Rxe6 Rxe6 36. Rxe6 Nxe6 37. g3 h5 38. Be3 Be7 39. Kg2 f5 40. Nf1 Bd6
41. Bd2 Kf7 42. Nh2 h4 43. Be1 Kg6 44. Nf1 hxg3 45. Nxg3 Nf4+ 46. Kh2 g4 47.
hxg4 fxg4 48. fxg4 Kg5 49. Kg1 Kxg4 50. Kf1 Nd3 51. Ne2 Kf3 52. Bd2 Nb2 53. Bc1
Nc4 54. Ke1 Ke4 55. Kd1 Kd3 0-1

[Event "DVM U12 2013"]
[Site "Lichtenfels-Schney GER"]
[Date "2013.12.28"]
[Round "3"]
[White "Kesselmeier, Kevin"]
[Black "Wacker, Andreas"]
[Result "0-1"]
[Termination "normal"]
[Board "4.2"]
[WhiteElo "1372"]
[BlackElo "1495"]
[WhiteTeam "SK Blauer Springer Paderborn"]
[BlackTeam "SC 1997 Lambsheim"]
[WhiteFideId "16217551"]
[BlackFideId "12953083"]
[EventCountry "GER"]
[EventRounds "7"]
[EventType "team-swiss"]
[EventDate "2013.12.26"]

1. c4 e5 2. g3 d6 3. Bg2 c6 4. Nc3 Be6 5. d3 Nd7 6. e4 Be7 7. Nge2 Nc5 8. Be3
Nd7 9. O-O f5 10. Bh3 g6 11. Nc1 Ngf6 12. exf5 Bxf5 13. Bxf5 gxf5 14. Qf3 f4
15. gxf4 exf4 16. Bxf4 Nf8 17. Bh6 Qd7 18. Re1 O-O-O 19. Nb3 Ng6 20. Kh1 Rhg8
21. Rg1 Ne5 22. Qe2 Qh3 23. Nd2 Qxh6 24. Nde4 Nfg4 25. f3 Nf6 26. Ng3 Rde8 27.
Nce4 Nxe4 28. Qxe4 Qf6 29. Raf1 Ref8 30. f4 Ng4 31. f5 Qe5 32. Qxe5 Nxe5 33.
Rd1 Ng4 34. Rd2 Bg5 35. Re2 Kd7 36. Ne4 Bd8 37. Reg2 Nh6 38. Rg7+ Rxg7 39.
Rxg7+ Rf7 40. Rxf7+ Nxf7 41. Kg2 Nh6 42. Ng3 Bh4 43. b3 Ke7 44. Kf3 Bxg3 45.
hxg3 Nxf5 46. g4 Nd4+ 47. Kf4 Kf6 48. g5+ Kg6 49. c5 dxc5 50. Ke5 Kxg5 51. Kd6
h5 52. Kxc5 h4 53. Kxd4 h3 54. Kc4 h2 55. a4 h1=Q 56. b4 Qd5+ 57. Kc3 Kf4 58.
d4 0-1

[Event "DVM U12 2013"]
[Site "Lichtenfels-Schney GER"]
[Date "2013.12.28"]
[Round "3"]
[White "Mühlpfordt, Thomas"]
[Black "Schlangenotto, Niklas"]
[Result "1/2-1/2"]
[Termination "normal"]
[Board "4.3"]
[WhiteElo "1120"]
[BlackElo "1417"]
[WhiteTeam "SC 1997 Lambsheim"]
[BlackTeam "SK Blauer Springer Paderborn"]
[WhiteFideId "12986623"]
[BlackFideId "16217560"]
[EventCountry "GER"]
[EventRounds "7"]
[EventType "team-swiss"]
[EventDate "2013.12.26"]

1. e4 e6 2. b3 d5 3. Bb2 Nf6 4. e5 Nfd7 5. Nf3 c5 6. c3 Nc6 7. d4 a6 8. Nbd2 b5
9. Be2 Be7 10. O-O Bb7 11. Rc1 Qb6 12. a3 Rc8 13. b4 c4 14. Ne1 O-O 15. f4 f6
16. Kh1 fxe5 17. fxe5 Rxf1+ 18. Nxf1 Rf8 19. Nf3 Nd8 20. Ng3 Nf7 21. Qc2 Bg5
22. Rf1 Qd8 23. Bc1 Bxc1 24. Qxc1 Nb6 25. Bd1 Bc6 26. Be2 Na4 27. Bd1 Nb6 28.
Be2 Be8 29. Ne1 Ng5 30. Rxf8+ Kxf8 31. Nf3 Nxf3 32. Bxf3 Qh4 33. Qd1 g6 34. Qf1
Kg7 35. Qe2 h5 36. Qd1 Qf4 37. Qe1 1/2-1/2

[Event "DVM U12 2013"]
[Site "Lichtenfels-Schney GER"]
[Date "2013.12.28"]
[Round "3"]
[White "Wanke, Mathis"]
[Black "Dalchow, Mario"]
[Result "1-0"]
[Termination "normal"]
[Board "4.4"]
[WhiteElo "1326"]
[BlackElo "1061"]
[WhiteTeam "SK Blauer Springer Paderborn"]
[BlackTeam "SC 1997 Lambsheim"]
[WhiteFideId "16217578"]
[BlackFideId "12971421"]
[EventCountry "GER"]
[EventRounds "7"]
[EventType "team-swiss"]
[EventDate "2013.12.26"]

1. d4 d5 2. Nf3 Nf6 3. Bf4 e6 4. e3 Bd7 5. Bd3 Be7 6. Nbd2 h6 7. h3 O-O 8. O-O
Bd6 9. Bh2 Bxh2+ 10. Kxh2 Qe7 11. Ne5 Nc6 12. Ndf3 Nxe5 13. Nxe5 Qd6 14. Kg1
Bc6 15. c4 Nd7 16. c5 Qe7 17. Nxc6 bxc6 18. Ba6 e5 19. Bb7 Rab8 20. Bxc6 Rxb2
21. Bxd5 exd4 22. exd4 Nf6 23. Re1 Qd7 24. Bb3 Rd8 25. Qd3 Qxd4 26. Qxd4 Rxd4
27. Re7 Rd7 28. Bxf7+ Kh7 29. Rxd7 Nxd7 30. c6 Ne5 31. Bb3 Nxc6 32. Rc1 Na5 33.
Rxc7 Nxb3 34. axb3 Rxb3 35. Rxa7 Kg6 36. Kh2 Kf6 37. f3 Rb5 38. Ra6+ Kf7 39. h4
Rf5 40. Kg3 Rf6 41. Rxf6+ Kxf6 42. Kf4 g5+ 43. Kg4 Kg6 44. hxg5 hxg5 45. g3 Kf6
46. Kh5 Kf5 47. g4+ Kf6 48. Kh6 Kf7 49. Kxg5 Kg7 50. f4 Kf7 51. f5 Kg7 52. f6+
Kf7 53. Kf5 Kf8 54. Ke6 Ke8 55. f7+ Kf8 56. g5 Kg7 57. Ke7 Kg6 58. f8=Q Kxg5
59. Ke6 Kg4 60. Ke5 Kg3 1-0

[Event "DVM U12 2013"]
[Site "Lichtenfels-Schney GER"]
[Date "2013.12.28"]
[Round "3"]
[White "Kölz, Niklas"]
[Black "Wiemann, Daniel"]
[Result "1-0"]
[Termination "normal"]
[Board "5.1"]
[WhiteElo "1719"]
[BlackElo "1452"]
[WhiteTeam "Märkischer Springer Halver-Schalksmühle"]
[BlackTeam "SV Seubelsdorf"]
[WhiteFideId "12971758"]
[BlackFideId "12942944"]
[EventCountry "GER"]
[EventRounds "7"]
[EventType "team-swiss"]
[EventDate "2013.12.26"]

1. e4 e6 2. d4 d5 3. Nc3 Bb4 4. e5 Nd7 5. a3 Bxc3+ 6. bxc3 c5 7. Qg4 Ne7 8.
Qxg7 Rg8 9. Qxh7 Qc7 10. Qd3 Nf5 11. Nf3 a6 12. h4 Qb6 13. h5 Qa5 14. h6 f6 15.
g4 Ne7 16. h7 Rh8 17. Rh6 cxd4 18. exf6 Nc6 19. Rg6 Nf8 20. Rg8 Rxg8 21. hxg8=Q
Qxc3+ 22. Qxc3 dxc3 23. f7+ Ke7 24. Bg5+ Kd7 25. Qxf8 Kc7 26. Bf4+ Kb6 27. Rb1+
Ka7 28. Qc5+ b6 29. Qxb6# 1-0

[Event "DVM U12 2013"]
[Site "Lichtenfels-Schney GER"]
[Date "2013.12.28"]
[Round "3"]
[White "Kolb, Verena"]
[Black "Browning, Alex"]
[Result "0-1"]
[Termination "normal"]
[Board "5.2"]
[WhiteElo "1286"]
[BlackElo "1517"]
[WhiteTeam "SV Seubelsdorf"]
[BlackTeam "Märkischer Springer Halver-Schalksmühle"]
[WhiteFideId "12992313"]
[BlackFideId "12984019"]
[EventCountry "GER"]
[EventRounds "7"]
[EventType "team-swiss"]
[EventDate "2013.12.26"]

1. e4 c5 2. f4 d6 3. Nc3 Nc6 4. Nf3 e6 5. d4 cxd4 6. Nxd4 d5 7. Bb5 Nge7 8.
exd5 exd5 9. Qe2 Bd7 10. Bxc6 bxc6 11. f5 Qb6 12. Qe3 c5 13. Nxd5 Qd6 14. Nxe7
cxd4 15. Qf3 Rd8 16. Nd5 Bc6 17. Qe4+ Kd7 18. Qxd4 Qxd5 19. Qxa7+ Kc8 20. Qa6+
Bb7 21. Qd3 Bb4+ 22. Bd2 Bxd2+ 23. Kd1 Qxd3 24. cxd3 Rxd3 25. Kc2 Rhd8 26. Rad1
Be4 27. Kb1 Be3 28. Rxd3 Rxd3 29. Ka1 Bxg2 30. Re1 Bf3 31. a3 Rd1+ 32. Rxd1
Bxd1 33. b4 Kb7 34. Kb2 Bd2 35. h3 g6 36. fxg6 hxg6 37. a4 Bxb4 38. a5 Bxa5 39.
Ka3 f5 40. h4 f4 41. Kb2 Bd2 42. h5 gxh5 43. Kb1 f3 44. Ka1 f2 45. Kb2 f1=Q 46.
Ka2 Qc4+ 47. Kb2 Qc2+ 48. Ka1 Bc3# 0-1

[Event "DVM U12 2013"]
[Site "Lichtenfels-Schney GER"]
[Date "2013.12.28"]
[Round "3"]
[White "Hardt, Silas"]
[Black "Kolb, Tobias"]
[Result "1-0"]
[Termination "normal"]
[Board "5.3"]
[WhiteElo "1305"]
[BlackElo "937"]
[WhiteTeam "Märkischer Springer Halver-Schalksmühle"]
[BlackTeam "SV Seubelsdorf"]
[WhiteFideId "16200667"]
[BlackFideId "12992321"]
[EventCountry "GER"]
[EventRounds "7"]
[EventType "team-swiss"]
[EventDate "2013.12.26"]

1. d4 e6 2. Nf3 d5 3. Bf4 c5 4. c3 Nc6 5. e3 Qb6 6. Qb3 c4 7. Qxb6 axb6 8. Nbd2
Nf6 9. h3 b5 10. a3 b4 11. Be2 bxa3 12. bxa3 Rxa3 13. Rxa3 Bxa3 14. O-O O-O 15.
Ra1 Bb2 16. Ra2 Bxc3 17. Nb1 Bb4 18. Na3 Bd7 19. Nc2 b5 20. Ne5 Be7 21. Bg5 Rd8
22. Ra6 Nb8 23. Rb6 h6 24. Bxf6 gxf6 25. Nxd7 Nxd7 26. Rxb5 Ra8 27. Rb7 Ra2 28.
Bd1 Bd6 29. Rxd7 Bf8 30. Kh2 Rb2 31. h4 Rb1 32. Bh5 Rb2 33. Bxf7+ Kg7 34. Bxe6+
Kg6 35. Rxd5 Rxc2 36. h5+ Kh7 37. Bf5+ Kh8 38. Bxc2 c3 39. Rd8 Kg7 40. Rc8 Bb4
41. Re8 f5 42. Re5 Bd6 43. f4 Bxe5 44. fxe5 Kf7 45. Bxf5 Ke7 46. Kg3 Kf7 47.
Kf2 c2 48. Bxc2 Ke6 49. Be4 Kf7 50. Bf5 Ke7 51. d5 1-0